[Event "ARG-ch sf 90th"]
[Site "Buenos Aires"]
[Date "2015.08.23"]
[Round "6"]
[White "Moreda, Lucas"]
[Black "Ruperez, Miguel Angel"]
[Result "1-0"]
[WhiteElo "2316"]
[BlackElo "2163"]
[PlyCount "99"]
[EventDate "2015.08.20"]
[EventType "swiss"]
[EventRounds "9"]
[EventCountry "ARG"]
[SourceTitle "EXT 2016"]
[Source "ChessBase"]
[SourceDate "2015.10.08"]
[SourceVersion "1"]
[SourceVersionDate "2015.10.08"]
[SourceQuality "1"]

1. e4 c5 2. c3 Nf6 3. e5 Nd5 4. Nf3 e6 5. d4 cxd4 6. cxd4 d6 7. Nc3 Nxc3 8. bxc3 Qc7 9. Bd2 Bd7 10. Bd3 Bc6 11. 0-0 Nd7 12. Re1 h6 13. c4 dxe5 14. d5 exd5 15. cxd5 Bxd5 16. Rc1 Bc6 17. Bf5 Bd6 18. Ba5 Nb6 19. Nd4 0-0 20. Nb5 Bxb5 21. Rxc7 Bxc7 22. Qg4 Rad8 23. Bc2 Bc6 24. Qf5 g6 25. Qh3 Kh7 26. Qh4 Kg7 27. Bb4 Rfe8 28. Be7 g5 29. Bxg5 hxg5 30. Qxg5+ Kf8 31. Re3 e4 32. f4 Nd5 33. Qh6+ Ke7 34. Rxe4+ Kd7 35. Qh3+ Re6 36. Rxe6 fxe6 37. f5 Bb6+ 38. Kh1 Nf4 39. Qh7+ Kc8 40. h4 Nxg2 41. fxe6 Ne3+ 42. Be4 Bc7 43. Kg1 Bg3 44. Bc2 Rf8 45. Bd3 Bf2+ 46. Kh2 Ng4+ 47. Kh3 Ne3 48. Be4 Rf4 49. Qh8+ Kc7 50. Qe5+ 1-0

[Event "ARG-ch sf 90th"]
[Site "Buenos Aires"]
[Date "2015.08.22"]
[Round "4"]
[White "Moreda, Lucas"]
[Black "Balzano, Ivan"]
[Result "1-0"]
[WhiteElo "2316"]
[BlackElo "2047"]
[PlyCount "55"]
[EventDate "2015.08.20"]
[EventType "swiss"]
[EventRounds "9"]
[EventCountry "ARG"]
[SourceTitle "EXT 2016"]
[Source "ChessBase"]
[SourceDate "2015.10.08"]
[SourceVersion "1"]
[SourceVersionDate "2015.10.08"]
[SourceQuality "1"]

1. e4 g6 2. d4 Bg7 3. Nc3 c5 4. Nf3 cxd4 5. Nxd4 Nc6 6. Nxc6 bxc6 7. Be2 d6 8. 0-0 Nf6 9. Be3 0-0 10. h3 Qa5 11. a3 Ba6 12. f4 Bxe2 13. Qxe2 Nh5 14. Qd3 Bxc3 15. bxc3 Qa4 16. c4 Rfd8 17. Rf3 Nf6 18. Raf1 d5 19. e5 Ne4 20. f5 g5 21. Bxg5 f6 22. exf6 exf6 23. Bh6 Kf7 24. Rf4 Qa5 25. Kh2 Rab8 26. Rg4 Rg8 27. Rxe4 Qc7+ 28. Ref4 1-0

[Event "ARG-ch sf 90th"]
[Site "Buenos Aires"]
[Date "2015.08.22"]
[Round "3"]
[White "Slipak, Sergio"]
[Black "Moreda, Lucas"]
[Result "1-0"]
[WhiteElo "2427"]
[BlackElo "2316"]
[PlyCount "49"]
[EventDate "2015.08.20"]
[EventType "swiss"]
[EventRounds "9"]
[EventCountry "ARG"]
[SourceTitle "EXT 2016"]
[Source "ChessBase"]
[SourceDate "2015.10.08"]
[SourceVersion "1"]
[SourceVersionDate "2015.10.08"]
[SourceQuality "1"]

1. d4 d5 2. Nf3 Nf6 3. c4 dxc4 4. e3 b6 5. Bxc4 Bb7 6. Qa4+ Nbd7 7. Ne5 e6 8. Bb5 c5 9. dxc5 Bxc5 10. 0-0 Qc7 11. Nxd7 Nxd7 12. Rd1 0-0-0 13. Qxa7 Ne5 14. Bd2 Ng4 15. g3 Nxf2 16. Kxf2 Qe5 17. Ba6 Rxd2+ 18. Rxd2 Qxe3+ 19. Kf1 Qf3+ 20. Ke1 Qh1+ 21. Bf1 Qe4+ 22. Re2 Qc4 23. Nd2 Qd4 24. Rc1 Rd8 25. Qxb6 1-0

[Event "ARG-ch sf 90th"]
[Site "Buenos Aires"]
[Date "2015.08.21"]
[Round "2"]
[White "Besso, Javier Alejandro"]
[Black "Moreda, Lucas"]
[Result "0-1"]
[WhiteElo "1854"]
[BlackElo "2316"]
[PlyCount "56"]
[EventDate "2015.08.20"]
[EventType "swiss"]
[EventRounds "9"]
[EventCountry "ARG"]
[SourceTitle "EXT 2016"]
[Source "ChessBase"]
[SourceDate "2015.10.08"]
[SourceVersion "1"]
[SourceVersionDate "2015.10.08"]
[SourceQuality "1"]

1. d4 d5 2. c4 Nc6 3. e3 e5 4. dxe5 dxc4 5. Qxd8+ Kxd8 6. Bxc4 Nxe5 7. Be2 Bf5 8. Nf3 Bd6 9. 0-0 Nxf3+ 10. Bxf3 c6 11. e4 Bg6 12. Nc3 Nf6 13. Bg5 Be5 14. Rac1 Re8 15. Rfe1 Ke7 16. h4 h6 17. Be3 Kf8 18. Rcd1 Bxc3 19. bxc3 Bxe4 20. Rd6 Bxf3 21. gxf3 Nd5 22. Rb1 Nxe3 23. fxe3 Ke7 24. Rd4 b6 25. Kf2 Rad8 26. Rg4 Rd2+ 27. Kg3 Rxa2 28. Rxg7 Kf6 0-1

[Event "Latin Cup-A 6th"]
[Site "Buenos Aires"]
[Date "2015.03.22"]
[Round "5"]
[White "Amato, Leonel"]
[Black "Moreda, Lucas"]
[Result "0-1"]
[WhiteElo "2064"]
[BlackElo "2333"]
[PlyCount "62"]
[EventDate "2015.03.19"]
[EventType "swiss"]
[EventRounds "9"]
[EventCountry "ARG"]
[SourceTitle "CBM 165 Extra"]
[Source "ChessBase"]
[SourceDate "2015.04.21"]
[SourceVersion "1"]
[SourceVersionDate "2015.04.21"]
[SourceQuality "1"]

1. a3 d5 2. g3 Nf6 3. Bg2 c6 4. d3 e5 5. e3 Bd6 6. Ne2 h5 7. h3 Be6 8. b3 Nbd7 9. Nd2 Nf8 10. Bb2 g5 11. Qb1 Ng6 12. Qa2 Qe7 13. 0-0-0 Nd7 14. Qa1 0-0-0 15. Kb1 Rhf8 16. Rhf1 f5 17. Rc1 f4 18. Ka2 g4 19. hxg4 Bxg4 20. Ng1 fxg3 21. fxg3 Qg5 22. c4 Qxe3 23. Rc2 Qxg3 24. Rfc1 Nc5 25. cxd5 Qxg2 26. Ne4 Qh1 27. Nxd6+ Rxd6 28. Rxc5 Rxd5 29. Rxc6+ bxc6 30. Rxc6+ Kb7 31. Qc1 Rc8 0-1

[Event "Mar del Plata op 40th"]
[Site "Mar del Plata"]
[Date "2009.04.10"]
[Round "7"]
[White "Moreda, Lucas"]
[Black "Mavrich, Leandro"]
[Result "1-0"]
[WhiteElo "2322"]
[BlackElo "2180"]
[PlyCount "47"]
[EventDate "2009.04.05"]
[EventType "swiss"]
[EventRounds "9"]
[EventCountry "ARG"]
[SourceTitle "CBM 129 Extra"]
[Source "ChessBase"]
[SourceDate "2009.05.05"]
[SourceVersion "2"]
[SourceVersionDate "2009.05.20"]
[SourceQuality "1"]

1. e4 c5 2. c3 d5 3. exd5 Qxd5 4. d4 Nc6 5. Be3 cxd4 6. cxd4 e5 7. Nc3 Bb4 8. dxe5 Qxe5 9. Nf3 Bxc3+ 10. bxc3 Qa5 11. Bc4 Qxc3+ 12. Nd2 Bg4 13. Qb1 0-0-0 14. 0-0 Rxd2 15. Rc1 Rd1+ 16. Rxd1 Qxc4 17. Rc1 Qa4 18. Qb2 Nge7 19. Rab1 Qa6 20. Qxg7 Rg8 21. Qxf7 Kb8 22. Bc5 Ne5 23. Qxe7 Nf3+ 24. Kh1 1-0

[Event "Mar del Plata op 40th"]
[Site "Mar del Plata"]
[Date "2009.04.05"]
[Round "2"]
[White "Moreda, Lucas"]
[Black "Urresti, Alejandro"]
[Result "1-0"]
[WhiteElo "2322"]
[BlackElo "2044"]
[PlyCount "65"]
[EventDate "2009.04.05"]
[EventType "swiss"]
[EventRounds "9"]
[EventCountry "ARG"]
[SourceTitle "CBM 129 Extra"]
[Source "ChessBase"]
[SourceDate "2009.05.05"]
[SourceVersion "2"]
[SourceVersionDate "2009.05.20"]
[SourceQuality "1"]

1. e4 c5 2. c3 Nf6 3. e5 Nd5 4. d4 cxd4 5. cxd4 Nc6 6. Nc3 Nxc3 7. bxc3 d6 8. Nf3 e6 9. exd6 Bxd6 10. Bd3 0-0 11. 0-0 h6 12. Re1 Qf6 13. Qe2 Ne7 14. Ne5 Nf5 15. Qe4 Bxe5 16. dxe5 Qg6 17. Ba3 Re8 18. Bb5 Rd8 19. Rad1 Rxd1 20. Rxd1 Qg5 21. f4 Qh4 22. Qf3 g5 23. g3 Qh3 24. Rd8+ Kh7 25. Bf1 g4 26. Qf2 Qh5 27. Qc5 Qg6 28. Bd3 b6 29. Qf8 Qg7 30. Rxc8 Qxf8 31. Rxf8 Rxf8 32. Bxf8 Kg8 33. Bxf5 1-0

[Event "Buenos Aires-ch qual"]
[Site "Buenos Aires"]
[Date "2006.03.27"]
[Round "8.29"]
[White "Moreda, Lucas"]
[Black "Santarelli, Luis"]
[Result "1-0"]
[WhiteElo "2364"]
[BlackElo "2142"]
[PlyCount "57"]
[EventDate "2006.03.21"]
[EventType "swiss"]
[EventRounds "9"]
[EventCountry "ARG"]
[SourceTitle "CBM 111 Extra"]
[Source "ChessBase"]
[SourceDate "2006.05.09"]
[SourceVersion "1"]
[SourceVersionDate "2006.05.09"]
[SourceQuality "1"]

1. e4 e5 2. Nc3 Nf6 3. g3 d5 4. exd5 Nxd5 5. Bg2 Be6 6. Qe2 Nb4 7. d3 N8c6 8. Nf3 f6 9. 0-0 Qd7 10. a3 Nd5 11. d4 0-0-0 12. dxe5 Nxc3 13. bxc3 Bh3 14. exf6 gxf6 15. Bf4 Bd6 16. Bxd6 cxd6 17. Rab1 h5 18. Rfe1 Rde8 19. Bxh3 Qxh3 20. Qxe8+ Rxe8 21. Rxe8+ Kd7 22. Rh8 b6 23. Rh7+ Ke6 24. Re1+ Kd5 25. Rc7 Ne5 26. c4+ Nxc4 27. Rd1+ Ke4 28. Rxc4+ Kxf3 29. Rd3+ 1-0

[Event "Buenos Aires-ch qual"]
[Site "Buenos Aires"]
[Date "2006.03.26"]
[Round "7.22"]
[White "Triunfetti, Claudio"]
[Black "Moreda, Lucas"]
[Result "1-0"]
[WhiteElo "2230"]
[BlackElo "2364"]
[PlyCount "109"]
[EventDate "2006.03.21"]
[EventType "swiss"]
[EventRounds "9"]
[EventCountry "ARG"]
[SourceTitle "CBM 111 Extra"]
[Source "ChessBase"]
[SourceDate "2006.05.09"]
[SourceVersion "1"]
[SourceVersionDate "2006.05.09"]
[SourceQuality "1"]

1. e4 c6 2. d4 d5 3. e5 g6 4. Bd3 Bg7 5. c3 f6 6. exf6 Nxf6 7. h3 0-0 8. Nf3 Nh5 9. Bg5 Nf4 10. Bxf4 Rxf4 11. Nbd2 e5 12. dxe5 Nd7 13. Qe2 Qe7 14. 0-0-0 Nxe5 15. Bc2 Qf6 16. Nxe5 Qxe5 17. Qxe5 Bxe5 18. f3 Rf8 19. h4 Bf4 20. h5 Bf5 21. Rde1 Rae8 22. Bxf5 gxf5 23. Kd1 b6 24. Rxe8 Rxe8 25. Nf1 Kg7 26. g3 Bd6 27. Kd2 f4 28. g4 h6 29. Rh2 Kf6 30. Re2 Rxe2+ 31. Kxe2 Be5 32. Nd2 Kg5 33. Nb3 c5 34. Nc1 c4 35. Kf2 d4 36. Ne2 d3 37. Nd4 a6 38. Nf5 b5 39. Ke1 b4 40. Kd2 a5 41. cxb4 a4 42. b5 a3 43. bxa3 Bc7 44. Ne7 Ba5+ 45. Kd1 Kf6 46. Nc6 Bc3 47. b6 Bb2 48. b7 c3 49. Nb4 c2+ 50. Nxc2 dxc2+ 51. Kxc2 Be5 52. Kd3 Ke6 53. Ke4 Bd6 54. a4 Kd7 55. g5 1-0

[Event "Buenos Aires-ch qual"]
[Site "Buenos Aires"]
[Date "2006.03.21"]
[Round "1.21"]
[White "Lopez, Diego"]
[Black "Moreda, Lucas"]
[Result "1-0"]
[WhiteElo "2120"]
[BlackElo "2364"]
[PlyCount "77"]
[EventDate "2006.03.21"]
[EventType "swiss"]
[EventRounds "9"]
[EventCountry "ARG"]
[SourceTitle "CBM 111 Extra"]
[Source "ChessBase"]
[SourceDate "2006.05.09"]
[SourceVersion "1"]
[SourceVersionDate "2006.05.09"]
[SourceQuality "1"]

1. d4 d5 2. c4 Nc6 3. Nf3 e5 4. dxe5 d4 5. g3 Nge7 6. Bg2 Ng6 7. Bg5 Qd7 8. 0-0 Ngxe5 9. Qa4 f6 10. Bc1 Be7 11. Rd1 0-0 12. Nc3 Qf5 13. Nxd4 Nxd4 14. Rxd4 c6 15. Ne4 Be6 16. c5 Qh5 17. Qc2 Kh8 18. f3 Bf5 19. Be3 Qf7 20. b3 Bg6 21. Qc3 Qe6 22. Rad1 b6 23. h3 bxc5 24. Nxc5 Bxc5 25. Qxc5 Nxf3+ 26. Bxf3 Qxe3+ 27. Kg2 Rfe8 28. Qc1 Qe5 29. Qf4 Qb5 30. R1d2 h6 31. Rd6 Rac8 32. Rxf6 Bh7 33. Rf7 Bg8 34. Rxg7 Kxg7 35. Rd7+ Kg6 36. Be4+ Rxe4 37. Qxe4+ Kf6 38. Qe7+ Kf5 39. e4+ 1-0

[Event "American Continental 03rd"]
[Site "Buenos Aires"]
[Date "2005.08.12"]
[Round "7"]
[White "Moreda, Lucas"]
[Black "Alza, Agustin"]
[Result "1-0"]
[WhiteElo "2329"]
[BlackElo "2167"]
[PlyCount "81"]
[EventDate "2005.08.06"]
[EventType "swiss"]
[EventRounds "11"]
[EventCountry "ARG"]
[SourceTitle "CBM 107 Extra"]
[Source "ChessBase"]
[SourceDate "2005.09.01"]
[SourceVersion "1"]
[SourceVersionDate "2005.09.01"]
[SourceQuality "1"]

1. e4 c5 2. c3 d5 3. exd5 Qxd5 4. d4 Nf6 5. Nf3 e6 6. Be2 Nc6 7. 0-0 cxd4 8. cxd4 Be7 9. Nc3 Qd6 10. a3 0-0 11. Be3 b6 12. Qb3 Bb7 13. Rfd1 Na5 14. Qa2 Nd5 15. Ne4 Qd8 16. Bd3 Nxe3 17. fxe3 Bd5 18. Qb1 Nb3 19. Ra2 Na5 20. b4 Bxa2 21. Qxa2 Nb7 22. Ne5 Nd6 23. Rf1 Nf5 24. Qe2 Bg5 25. Rf3 Bxe3+ 26. Rxe3 Qxd4 27. Nf6+ gxf6 28. Bxf5 exf5 29. Nc6 Qd7 30. Ne7+ Kh8 31. Qb2 Qd6 32. Nxf5 Qc6 33. b5 Qe6 34. Rxe6 fxe6 35. Nd4 e5 36. Nf5 Rad8 37. Qc1 Rg8 38. Qc6 Rg6 39. g3 Rd1+ 40. Kf2 Rd2+ 41. Ke3 1-0

[Event "American Continental 03rd"]
[Site "Buenos Aires"]
[Date "2005.08.11"]
[Round "6"]
[White "Zugic, Igor"]
[Black "Moreda, Lucas"]
[Result "1-0"]
[WhiteElo "2474"]
[BlackElo "2329"]
[PlyCount "75"]
[EventDate "2005.08.06"]
[EventType "swiss"]
[EventRounds "11"]
[EventCountry "ARG"]
[SourceTitle "CBM 109"]
[Source "ChessBase"]
[SourceDate "2005.11.14"]
[SourceVersion "1"]
[SourceVersionDate "2005.11.14"]
[SourceQuality "1"]

1. e4 c6 2. c4 d5 3. cxd5 cxd5 4. exd5 Qxd5 5. Nc3 Qa5 6. d4 Nf6 7. Bc4 Nbd7 8. Qb3 e6 9. Nf3 Qb4 10. 0-0 Qxb3 11. Bxb3 Bd6 12. Be3 0-0 13. Nb5 Bb8 14. Rac1 Nb6 15. Nc7 Bxc7 16. Rxc7 Nfd5 17. Rc5 Bd7 18. a3 f6 19. Rfc1 Kf7 20. Nd2 Bc6 21. Bd1 Nd7 22. R5c2 Bb5 23. b3 Bd3 24. Ra2 Rfc8 25. Nc4 Ke7 26. Raa1 a5 27. Bd2 b6 28. Bf3 Ra7 29. Re1 Nc7 30. Re3 Bg6 31. d5 Nb5 32. dxe6 Nc5 33. Nxb6 Rd8 34. Nd5+ Kd6 35. Bxa5 Rxa5 36. b4 Nd4 37. bxa5 Nxf3+ 38. gxf3 1-0

[Event "Buenos Aires Najdorf-A"]
[Site "Buenos Aires"]
[Date "2004.10.06"]
[Round "7"]
[White "Moreda, Lucas"]
[Black "Flores, Diego"]
[Result "1/2-1/2"]
[WhiteElo "2329"]
[BlackElo "2480"]
[PlyCount "25"]
[EventDate "2004.10.01"]
[EventType "tourn"]
[EventRounds "9"]
[EventCountry "ARG"]
[EventCategory "4"]
[SourceTitle "CBM 102 Extra"]
[Source "ChessBase"]
[SourceDate "2004.11.03"]
[SourceVersion "1"]
[SourceVersionDate "2004.11.03"]
[SourceQuality "1"]

1. d4 Nf6 2. Nf3 e6 3. Bg5 c5 4. c3 Qb6 5. Qb3 Ne4 6. Bf4 Nc6 7. e3 Qa5 8. Nbd2 Nxd2 9. Nxd2 d5 10. Be2 Be7 11. 0-0 0-0 12. Rfd1 Qb6 13. Nf3 1/2-1/2

[Event "Mar del Plata op"]
[Site "Mar del Plata"]
[Date "2004.04.07"]
[Round "6"]
[White "Moreda, Lucas"]
[Black "Manzone, Alessandro Jr"]
[Result "1-0"]
[WhiteElo "2329"]
[BlackElo "2188"]
[PlyCount "47"]
[EventDate "2004.04.02"]
[EventType "swiss"]
[EventRounds "9"]
[EventCountry "ARG"]
[SourceTitle "CBM 099 Extra"]
[Source "ChessBase"]
[SourceDate "2004.05.04"]
[SourceVersion "1"]
[SourceVersionDate "2004.05.04"]
[SourceQuality "1"]

1. e4 c5 2. c3 Nf6 3. e5 Nd5 4. Nf3 e6 5. d4 cxd4 6. cxd4 b6 7. Nc3 Nxc3 8. bxc3 Qc7 9. Bd2 d6 10. Bd3 Nd7 11. Ng5 Bb7 12. Qh5 g6 13. Qh3 dxe5 14. 0-0 Be7 15. Rfe1 Rf8 16. Qxh7 0-0-0 17. Nxf7 Nf6 18. Qh3 Rxf7 19. Qxe6+ Kb8 20. Qxf7 e4 21. Bf1 Bd5 22. Qxg6 Rg8 23. Qf5 Ng4 24. Bf4 1-0

[Event "Mar del Plata op"]
[Site "Mar del Plata"]
[Date "2004.04.04"]
[Round "2"]
[White "Moreda, Lucas"]
[Black "Sarquis, Maria Belen"]
[Result "1-0"]
[WhiteElo "2329"]
[BlackElo "2093"]
[PlyCount "75"]
[EventDate "2004.04.02"]
[EventType "swiss"]
[EventRounds "9"]
[EventCountry "ARG"]
[SourceTitle "CBM 099 Extra"]
[Source "ChessBase"]
[SourceDate "2004.05.04"]
[SourceVersion "1"]
[SourceVersionDate "2004.05.04"]
[SourceQuality "1"]

1. e4 e5 2. Nc3 Nf6 3. g3 Bb4 4. Bg2 c6 5. d4 d6 6. Nge2 Nbd7 7. 0-0 0-0 8. h3 Re8 9. Be3 Nf8 10. f4 exf4 11. gxf4 d5 12. e5 Ne4 13. Nxe4 dxe4 14. f5 f6 15. c3 Ba5 16. Qb3+ Kh8 17. Rad1 Qe7 18. Bxe4 Bc7 19. Bg2 fxe5 20. d5 c5 21. Ng3 Bd6 22. Ne4 Nd7 23. Qa4 Rf8 24. Bg5 Nf6 25. c4 Qc7 26. Qa3 Bd7 27. Qg3 Rf7 28. Qh4 Raf8 29. Bxf6 gxf6 30. Rd3 Be8 31. Kh1 Qe7 32. Rg3 Rg8 33. Rxg8+ Kxg8 34. Bf3 Rf8 35. Rg1+ Kh8 36. Qh6 Bb8 37. d6 Qf7 38. Bh5 1-0

[Event "Chesspangenberg op 1st"]
[Site "Buenos Aires"]
[Date "2003.11.13"]
[Round "9"]
[White "Moreda, Lucas"]
[Black "Peralta, Fernando"]
[Result "0-1"]
[WhiteElo "2329"]
[BlackElo "2516"]
[PlyCount "112"]
[EventDate "2003.11.04"]
[EventType "swiss"]
[EventRounds "9"]
[EventCountry "ARG"]
[SourceTitle "EXT 2004"]
[Source "ChessBase"]
[SourceDate "2003.11.25"]
[SourceVersion "1"]
[SourceVersionDate "2003.11.25"]
[SourceQuality "1"]

1. e4 d6 2. d4 Nf6 3. Nc3 g6 4. Be2 Bg7 5. Nf3 0-0 6. 0-0 Bg4 7. h3 Bxf3 8. Bxf3 Nc6 9. Be3 e5 10. dxe5 dxe5 11. Qe2 Nd4 12. Bxd4 exd4 13. Rad1 Nd7 14. Bg4 Nb6 15. b3 Qe7 16. Nb1 Rfe8 17. Rfe1 h5 18. Bf3 Be5 19. a4 Nc8 20. Nd2 Nd6 21. g3 h4 22. gxh4 Qxh4 23. Bg2 c5 24. Qg4 Qf6 25. Nf3 Bf4 26. Nh2 Re5 27. Re2 Rae8 28. Rde1 Rg5 29. Qf3 Bxh2+ 30. Kxh2 Qe5+ 31. Kh1 Re6 32. Qd3 Rf6 33. c3 dxc3 34. Rc2 b5 35. axb5 Qd4 36. Qf1 Re5 37. Qe2 Qb4 38. Qe3 Nxb5 39. f4 Re8 40. Rf2 Qd4 41. Qg3 Nd6 42. Rfe2 c2 43. Rxc2 Nxe4 44. Qf3 Nd6 45. Rxe8+ Nxe8 46. Rc4 Qd2 47. Re4 Nd6 48. Re3 Nf5 49. Re8+ Kg7 50. Qg4 Ne3 51. Qg3 Nxg2 52. Qxg2 Qxf4 53. Re2 Qf3 54. Rb2 Qe3 55. Kh2 Rf3 56. Ra2 Qf4+ 0-1

[Event "Najdorf U26 qual op"]
[Site "Buenos Aires"]
[Date "2003.10.06"]
[Round "8.4"]
[White "Moreda, Lucas"]
[Black "Zuriel, Marisa"]
[Result "1-0"]
[WhiteElo "2329"]
[BlackElo "2229"]
[PlyCount "43"]
[EventDate "2003.10.01"]
[EventType "swiss"]
[EventRounds "9"]
[EventCountry "ARG"]
[SourceTitle "EXT 2004"]
[Source "ChessBase"]
[SourceDate "2003.11.25"]
[SourceVersion "1"]
[SourceVersionDate "2003.11.25"]
[SourceQuality "1"]

1. e4 c5 2. c3 d5 3. exd5 Qxd5 4. d4 Nf6 5. Nf3 Bg4 6. Qa4+ Bd7 7. Qb3 Qxb3 8. axb3 e6 9. Na3 Na6 10. Nb5 Nd5 11. Ne5 Be7 12. Bc4 Ndc7 13. Nxd7 Kxd7 14. dxc5 Bxc5 15. 0-0 Rhd8 16. b4 Be7 17. Be3 b6 18. Rfd1+ Ke8 19. Rxd8+ Bxd8 20. Be2 Rb8 21. Nxa7 Rb7 22. Nc8 1-0